<The> Role of Machine Sensing in CIM

Enregistré dans:
Détails bibliographiques
Auteur principal: Ayres, Robert U.
Autres auteurs: Fenk, Jeffrey L.
Format: Livre
Langue:anglais
Publié: Laxenberg International Institute for Applied Systems Analysis 1989
Édition:1. ed.
Tags: Ajouter un tag
Pas de tags, Soyez le premier à ajouter un tag!

MARC

LEADER 00000nam a2200000 4500
001 c028656
005 20221215114411.6
041 0 |a eng 
044 |a AT 
245 1 0 |a <The> Role of Machine Sensing in CIM  |c Robert U. Ayres, Jeffrey L. Fenk 
250 |a 1. ed. 
264 1 |a Laxenberg  |b International Institute for Applied Systems Analysis  |c 1989 
300 |a S.53-71 
500 |a Separát z: Robotics and Computer-Integrated Manufacturing, Vol.5, No.1, pp.53-71, 1989 
100 1 |a Ayres, Robert U. 
700 1 |a Fenk, Jeffrey L.